[Event "Pan American-ch School U17 12th"]
[Site "Callao"]
[Date "2023.10.20"]
[Round "8"]
[White "Zapata Romero, Italo German"]
[Black "Cahuapaza Tarapaca, Leonardo"]
[Result "0-1"]
[WhiteElo "1773"]
[BlackElo "1685"]
[PlyCount "150"]
[EventDate "2023.10.16"]
[EventType "swiss"]
[EventRounds "9"]
[EventCountry "PER"]
[SourceTitle "Mega2024 Update 01"]
[Source "Chessbase"]
[SourceDate "2023.11.12"]
[SourceVersion "1"]
[SourceVersionDate "2023.11.12"]
[SourceQuality "1"]

1. Nf3 d5 2. c4 c6 3. Qc2 Nf6 4. g3 Bg4 5. Bg2 e6 6. b3 Be7 7. Bb2 Nbd7 8. d3 h6 9. Nbd2 0-0 10. 0-0 Bf5 11. a3 a5 12. Rfb1 Qb6 13. b4 axb4 14. axb4 Rxa1 15. Bxa1 Ra8 16. Bd4 Qd8 17. h3 Bh7 18. Qc3 Ne8 19. e4 dxc4 20. Nxc4 Bf6 21. e5 Be7 22. Na5 Qc8 23. Nd2 Rb8 24. Bxc6 bxc6 25. Nxc6 Bd8 26. Rc1 Qc7 27. Nxb8 Nxb8 28. Qxc7 Bxc7 29. b5 Nd7 30. Nc4 Bxd3 31. b6 Bb8 32. Na5 Be4 33. Bb2 Nxb6 34. Nc6 Bxc6 35. Rxc6 Bc7 36. f4 Nd5 37. Bd4 g6 38. Ra6 Ng7 39. Kf2 Kh7 40. Kf3 g5 41. Ra7 gxf4 42. gxf4 Nf5 43. Bc5 Kg7 44. Ra8 Bb6 45. Bxb6 Nxb6 46. Ra1 Nd5 47. Rg1+ Kh7 48. Ke4 Nde7 49. Rg2 Ng6 50. Rg1 h5 51. Rg2 Kh6 52. Rg1 Nfe7 53. Rg3 Nf5 54. Rg1 Nge7 55. Rg2 Ng6 56. Rg1 h4 57. Rg4 Ng3+ 58. Kf3 Nh5 59. Ke4 Nhxf4 60. Rxf4 Nxf4 61. Kxf4 Kh5 62. Kf3 Kg5 63. Ke4 Kg6 64. Kf4 f5 65. exf6 Kxf6 66. Kg4 Ke5 67. Kxh4 Kf4 68. Kh5 e5 69. Kg6 e4 70. h4 e3 71. h5 e2 72. h6 e1Q 73. Kg7 Kf5 74. h7 Qe7+ 75. Kg8 Kg6 0-1

[Event "Pan American-ch School U17 12th"]
[Site "Callao"]
[Date "2023.10.19"]
[Round "6"]
[White "Zapata Romero, Italo German"]
[Black "Rumbos Garcia, Alejandro Daniel"]
[Result "1-0"]
[WhiteElo "1773"]
[BlackElo "1947"]
[PlyCount "97"]
[EventDate "2023.10.16"]
[EventType "swiss"]
[EventRounds "9"]
[EventCountry "PER"]
[SourceTitle "Mega2024 Update 01"]
[Source "Chessbase"]
[SourceDate "2023.11.12"]
[SourceVersion "1"]
[SourceVersionDate "2023.11.12"]
[SourceQuality "1"]

1. Nf3 Nf6 2. c4 g6 3. b3 Bg7 4. Bb2 0-0 5. g3 c6 6. Bg2 d5 7. 0-0 Nbd7 8. d4 Re8 9. Nbd2 dxc4 10. Nxc4 Nb6 11. Nce5 Nfd7 12. Qc2 Nxe5 13. Nxe5 Be6 14. Rad1 a5 15. Nd3 Nd5 16. a3 a4 17. bxa4 Qa5 18. Nc5 Bc8 19. e4 Nb6 20. Bc3 Qa7 21. a5 Nc4 22. Bb4 Nxa5 23. e5 Bg4 24. f3 Bf5 25. Qf2 b6 26. g4 Bc8 27. Ne4 h6 28. h3 Ba6 29. Rfe1 f5 30. gxf5 gxf5 31. Ng3 e6 32. Kh1 Qf7 33. f4 Bc4 34. Rg1 Kh8 35. Bf3 Bd5 36. Bxd5 cxd5 37. Qf3 Nc6 38. Qh5 Ra7 39. Bd6 Rg8 40. Rb1 Bf8 41. Rxb6 Nxd4 42. Qxf7 Rxf7 43. Bxf8 Rfxf8 44. Nh5 Nf3 45. Rf1 Rc8 46. Rxe6 Rgf8 47. Rxh6+ Kg8 48. Rxf3 d4 49. Rg3+ 1-0

[Event "South America-ch 1st"]
[Site "Lima"]
[Date "2023.09.17"]
[Round "4"]
[White "Sardon Aragon, Alejandro Ulysses"]
[Black "Zapata Romero, Italo German"]
[Result "1/2-1/2"]
[WhiteElo "1081"]
[BlackElo "1554"]
[PlyCount "104"]
[EventDate "2023.09.14"]
[EventType "swiss"]
[EventRounds "9"]
[EventCountry "PER"]
[SourceTitle "EXT 2024"]
[Source "ChessBase"]
[SourceDate "2023.10.10"]
[SourceVersion "1"]
[SourceVersionDate "2023.10.10"]
[SourceQuality "1"]

1. c4 Nf6 2. Nc3 g6 3. e4 d6 4. d4 Bg7 5. Nf3 0-0 6. Bg5 Nbd7 7. Qd2 c5 8. d5 Re8 9. Bh6 Bh8 10. h3 Nf8 11. Be2 e6 12. dxe6 Bxe6 13. Rd1 Qa5 14. 0-0 Rad8 15. Bf4 b5 16. cxb5 d5 17. Nxd5 Qxd2 18. Nxf6+ Bxf6 19. Rxd2 Rxd2 20. Nxd2 Bxb2 21. a4 Bd4 22. Kh1 Nd7 23. f3 Rc8 24. Rc1 Nb6 25. a5 Na4 26. Bc4 Bc3 27. Bxe6 fxe6 28. Nc4 Rd8 29. Be5 Bd4 30. b6 axb6 31. axb6 Nxb6 32. Bxd4 Nxc4 33. Bxc5 Ne5 34. f4 Nd3 35. Bb6 Rf8 36. Rf1 Nxf4 37. Bc7 g5 38. Bxf4 gxf4 39. g3 fxg3 40. Rxf8+ Kxf8 41. Kg2 Kg7 42. Kxg3 e5 43. Kg4 Kg6 44. h4 h5+ 45. Kf3 Kf7 46. Ke3 Ke6 47. Kd3 Kd7 48. Kc3 Kc7 49. Kb4 Kb6 50. Kc4 Kc6 51. Kb4 Kb6 52. Kc4 Kc6 1/2-1/2

[Event "South America-ch 1st"]
[Site "Lima"]
[Date "2023.09.15"]
[Round "2"]
[White "Zapata Romero, Italo German"]
[Black "Carrasco Jacome, Bryan Ricardo"]
[Result "0-1"]
[WhiteElo "1554"]
[BlackElo "2211"]
[PlyCount "144"]
[EventDate "2023.09.14"]
[EventType "swiss"]
[EventRounds "9"]
[EventCountry "PER"]
[SourceTitle "EXT 2024"]
[Source "ChessBase"]
[SourceDate "2023.10.10"]
[SourceVersion "1"]
[SourceVersionDate "2023.10.10"]
[SourceQuality "1"]

1. Nf3 c5 2. c4 Nc6 3. g3 g6 4. Bg2 Bg7 5. 0-0 d6 6. Nc3 e5 7. d3 Nge7 8. a3 a5 9. Rb1 0-0 10. b3 h6 11. Bb2 Be6 12. Nd2 Rb8 13. e3 Kh7 14. Qc2 f5 15. Nb5 b6 16. Rfe1 d5 17. d4 cxd4 18. exd4 e4 19. Rbd1 Rc8 20. Nf1 Qd7 21. Qe2 a4 22. f3 axb3 23. cxd5 Bxd5 24. fxe4 Bxe4 25. Bxe4 fxe4 26. d5 Bxb2 27. Qxb2 Na5 28. Nc3 Nf5 29. Nxe4 Qg7 30. Qxg7+ Kxg7 31. d6 Rfd8 32. g4 Nh4 33. Kh1 Rc6 34. Ne3 Nf3 35. Rf1 Ng5 36. Nf6 Nf7 37. Ned5 Rcxd6 38. Rde1 Nc6 39. Re3 Rxd5 40. Nxd5 Rxd5 41. Rxb3 b5 42. Rfb1 Nd4 43. Re3 Ne5 44. Rf1 Ndc6 45. h3 Rd2 46. Kg1 Rd4 47. Kg2 Rd5 48. Rf4 Rd2+ 49. Kf1 Rd1+ 50. Ke2 Rd5 51. Rc3 Nd4+ 52. Kf1 Ne6 53. Rf2 g5 54. Rf5 Nf4 55. Rc7+ Kg6 56. Rc3 h5 57. Re3 Rd1+ 58. Kf2 Nxh3+ 59. Ke2 Nxg4 60. Ref3 Rh1 61. Kd2 Nf4 62. Rxb5 h4 63. a4 Ra1 64. a5 h3 65. Rg3 Ra2+ 66. Kc3 Ra3+ 67. Rb3 Ne2+ 68. Kc4 Ne5+ 69. Kb4 Nxg3 70. Rxa3 h2 71. Ra1 Nc6+ 72. Kb5 Nxa5 0-1

[Event "PER-ch"]
[Site "Lima"]
[Date "2023.09.01"]
[Round "5"]
[White "Altamirano Porras, Ricardo Enrique"]
[Black "Zapata Romero, Italo German"]
[Result "0-1"]
[WhiteElo "1980"]
[BlackElo "1544"]
[PlyCount "70"]
[EventDate "2023.08.29"]
[EventType "swiss"]
[EventRounds "9"]
[EventCountry "PER"]
[SourceTitle "EXT 2024"]
[Source "ChessBase"]
[SourceDate "2023.10.10"]
[SourceVersion "1"]
[SourceVersionDate "2023.10.10"]
[SourceQuality "1"]

1. Nf3 Nf6 2. b3 c5 3. Bb2 g6 4. c4 Bg7 5. g3 0-0 6. Bg2 Nc6 7. 0-0 d5 8. cxd5 Nxd5 9. Bxg7 Kxg7 10. Qc1 b6 11. d4 cxd4 12. Qb2 Kg8 13. Rd1 e6 14. Nxd4 Nxd4 15. Rxd4 Qf6 16. e4 Nc7 17. e5 Qxe5 18. Bxa8 Qe1+ 19. Kg2 Nxa8 20. Na3 Bb7+ 21. f3 Qe3 22. Rf1 e5 23. Rd7 Bc6 24. Rd6 Qc5 25. Rfd1 e4 26. Rd8 exf3+ 27. Kf1 Nc7 28. Rxf8+ Qxf8 29. Nc4 Ne6 30. Ne5 Bb5+ 31. Kf2 Qc5+ 32. Kxf3 f6 33. Nc4 Qh5+ 34. Kf2 Bxc4 35. Qxf6 Qxd1 0-1